000 00603nam a22001817a 4500
008 090707t xxu||||| |||| 00| 0 eng d
020 _a0745008607 (pbk)
020 _a0745008593
082 _a330
_bSLO
100 _aSloman, John,
_d1947-
_97721
245 _aEconomics /
_cJohn Sloman.
260 _aLondon :
_bHarvester Wheatsheaf ,
_cc1991.
300 _axvi, 1021p. :
_bill. ;
_c24 cm.
500 _aIncludes index.
650 _aEconomics.
_97722
942 _2ddc
_cBB
999 _c12239
_d12239